000 00338nam a2200145Ia 4500
003 LK-CoDNM
008 010623t xxu||||| |||| 00| 1 eng d
040 _aLK-CoDNM
_dLK-CoDNM
_eLK-CoDNM
041 _aeng
080 _a50
_bD10
245 _aThe Dutch of Christ in Ceylon
300 _b26p., 20 cm
650 _aChristianity
942 _cBK
999 _c136138
_d136138